| 000 | 01478nam a2200373 c 4500 | ||
|---|---|---|---|
| 001 | 19436 | ||
| 003 | ES-MaCES | ||
| 005 | 20150929135501.0 | ||
| 008 | 061005s2004 sp o t 100 | spa d | ||
| 035 | _aCES20060013330m | ||
| 040 |
_aES-MaCES _bspa _cES-MaCES |
||
| 111 | 2 |
_aEncuentro Sindical América Latina-España _n8º _d2004 _cBarcelona _9991 |
|
| 245 | 1 | 0 |
_aAcuerdos comerciales América Latina-Unión Europea y las multinacionales _b: visión sindical _cVIII Encuentro Sindical América Latina-España, Barcelona 25 y 26 de juniol de 2004 ; [organizado por UTG, ISCOD y ORIT] |
| 260 |
_a[Madrid] _bUGT _bISCOD _c[2004?] |
||
| 300 |
_a133, [2] p. _bfot. bl. y n. _c30 cm |
||
| 500 | _aTít. tomado de la cub. | ||
| 541 | _cGratuito | ||
| 650 | 4 |
_arelaciones comerciales _927965 |
|
| 650 | 4 |
_aacuerdo económico _927961 |
|
| 650 | 4 |
_aempresa multinacional _927142 |
|
| 650 | 4 |
_aderechos sindicales _929470 |
|
| 650 | 4 |
_aactitud sindical _929839 |
|
| 650 | 4 |
_aAmérica Latina _926882 |
|
| 650 | 4 |
_aconferencia _927013 |
|
| 653 | 1 | 0 | _aComercio internacional |
| 650 | 4 |
_927963 _aconvenio comercial |
|
| 650 | 4 |
_926752 _aUE |
|
| 710 | 2 |
_aUnión General de Trabajadores de España _ecol. _95144 |
|
| 710 | 2 |
_aInstituto Sindical de Cooperación al Desarrollo _ecol. _94319 |
|
| 710 | 2 |
_aOrganización Regional Interamericana de Trabajadores _ecol. _94769 |
|
| 902 | _aDOC Literatura gris | ||
| 942 |
_2CES _cBK _h0.0. |
||
| 999 |
_c19436 _d19436 |
||